Autokennzeichen aus Deutschland - Teil 2 (M - Z) - Statistiken

Allgemein
  • Dieses Quiz wurde 52 mal gespielt
  • Das Durchschnittsergebnis liegt bei 6 aus 20
Antwortstatistiken
Autokz. Stadt / Landkreis % Korrekt
TÖL Bad Tölz
100%
MTK Main - Taunus - Kreis (LK)
100%
NEB Nebra (Unstrut)
100%
NU Neu - Ulm
100%
N Nürnberg
100%
OF Offenbach am Main
100%
OS Osnabrück
100%
OHZ Osterholz - Scharmbeck
100%
PE Peine
100%
PAF Pfaffenhofen
100%
PIR Pirna
100%
PL Plauen
100%
PLÖ Plön
100%
P Potsdam
100%
QLB Quedlinburg
100%
REG Regen
100%
R Regensburg
100%
RS Remscheid
100%
RT Reutlingen
100%
RHE Rheine
100%
ROS Rostock (LK)
100%
ROT Rothenburg ob der Tauber
100%
RÜD Rüdesheim am Rhein
100%
RÜG Rügen (LK)
100%
SLÜ Schlüchtern
100%
SHA Schwäbisch Hall
100%
SMÜ Schwabmünchen
100%
SFB Senftenberg
100%
SI Siegen
100%
SO Soest
100%
SÖM Sömmerda
100%
SON Sonneberg
100%
SP Speyer
100%
S Stuttgart
100%
TBB Tauberbischofsheim
100%
Tübingen
100%
TUT Tuttlingen
100%
UE Uelzen
100%
UN Unna
100%
VEC Vechta
100%
VS Villingen - Schwenningen
100%
WUG Weißenburg - Gunzenhausen (LK)
100%
WW Westerwald (LK)
100%
WI Wiesbaden
100%
WHV Wilhelmshaven
100%
WIT Witten
100%
WF Wolfenbüttel
100%
W Wuppertal
100%
Würzburg
100%
XA Xanten
100%
RV Ravensburg
83%
NDH Nordhausen
75%
SZ Salzgitter
75%
SG Solingen
75%
WE Weimar
71%
Nördlingen
67%
OEL Oelde
67%
OER Oer - Erkenschwick
67%
ÖHR Öhringen
67%
OL Oldenburg
67%
PB Paderborn
67%
PF Pforzheim
67%
RO Rosenheim
67%
SLF Saalfeld an der Saale
67%
SU Siegburg
67%
SÜW Südliche Weinstraße (LK)
67%
VEL Velbert
67%
VK Völklingen
67%
WIN Winnenden
67%
SUL Sulzbach - Rosenberg
60%
PY Bad Pyrmont
50%
RAP Bad Rappenau
50%
MYK Mayen - Koblenz (LK)
50%
MZG Merzig - Wadern (LK)
50%
NB Neubrandenburg
50%
NH Neuhaus am Rennweg
50%
NI Nienburg an der Weser
50%
NOS Norderstedt
50%
OVL Oberes Vogtland (LK)
50%
OHV Oberhavel (LK)
50%
OE Olpe
50%
OHA Osterode am Harz
50%
OPR Ostprignitz - Ruppin (LK)
50%
RA Rastatt
50%
RI Rinteln
50%
RW Rottweil
50%
SB Saarbrücken
50%
SAB Saarburg
50%
SIN Singen (Hohentwiel)
50%
STD Stade
50%
STA Starnberg
50%
SHL Suhl
50%
TIR Tirschenreuth
50%
TR Trier - Saarburg (LK)
50%
UEM Ueckermünde (Seebad)
50%
UER Uecker - Randow (LK)
50%
VAI Vaihingen an der Enz
50%
VRL Verl
50%
WAG Waghäusel
50%
WAL Walsrode
50%
WAK Wartburgkreis (LK)
50%
WST Westerstede
50%
WIS Wismar
50%
WTM Wittmund
50%
WO Worms
50%
WUN Wunsiedel
50%
ZE Zerbst (Anhalt)
50%
OA Oberallgäu (LK)
40%
TS Traunstein
40%
Ul Ulm
40%
USI Usingen
40%
WB Wittenberg
40%
OY Bad Oeynhausen
33%
NMB Naumburg (Saale)
33%
NET Nettetal
33%
NOH Nordhorn
33%
PM Potsdam - Mittelmark (LK)
33%
QFT Querfurt
33%
RZ Ratzeburg
33%
REH Rehau
33%
SY Syke
33%
UM Uckermark (LK)
33%
V Vogtlandkreis (LK)
33%
WER Wertingen
33%
WET Wetter (Ruhr)
33%
WHL Wiehl
33%
WIL Wittlich
33%
NK Neunkirchen (Saar)
25%
NP Neuruppin
25%
NEA Neustadt an der Aisch
25%
OCH Ochsenfurt
25%
PI Pinneberg
25%
PR Prignitz (LK)
25%
PRÜ Prüm
25%
RIE Riesa
25%
ROF Rotenburg an der Fulda
25%
SLK Salzlandkreis (LK)
25%
SEL Selb
25%
ST Steinfurt
25%
TDO Torgau - Delitzsch - Oschatz (LK)
25%
WAF Warendorf
25%
WEN Weiden in der Oberpfalz
25%
WEY Weyhe
25%
WÜL Wülfrath
25%
OC Oschersleben (Bode)
20%
SR Straubing - Bogen (LK)
20%
OBG Osterburg
17%
WR Wernigerode
14%
NES Bad Neustadt an der Saale
0%
OD Bad Oldesloe
0%
REI Bad Reichenhall
0%
SZU Bad Salzuflen
0%
SLZ Bad Salzungen
0%
SWA Bad Schwalbach
0%
SE Bad Segeberg
0%
STE Bad Staffelstin
0%
WHF Bad Wörishofen
0%
RSL Dessau - Roßlau
0%
WBS Leinefelde - Worbis
0%
MSP Main - Spessart - Kreis (LK)
0%
MZ Mainz
0%
MST Mecklenburg - Strelitz (LK)
0%
MW Mittweida
0%
MÜA Mühlacker
0%
Mühldorf am Inn
0%
MTL Muldentalkreis (LK)
0%
MÜB Münchberg
0%
MÜR Müritz (LK)
0%
NAB Nabburg
0%
NG Nagold
0%
NAI Naila
0%
NAU Nauen
0%
NN Netphen
0%
ND Neuburg an der Donau
0%
NM Neumarkt in der Oberpfalz
0%
NMS Neumünster
0%
NEN Neunburg vorm Wald
0%
NEV Neunkirchen - Vluyn
0%
NE Neuss
0%
NEW Neustadt an der Waldnaab
0%
NW Neustadt an der Weinstraße
0%
NEC Neustadt bei Coburg
0%
NZ Neustrelitz
0%
NR Neuwied am Rhein
0%
NKS Niederkassel
0%
NOL Niederschlesische Oberlausitz (LK)
0%
NY Niesky
0%
NOR Norden
0%
NHM Nordenham
0%
NF Nordfriesland (LK)
0%
NVP Nordvorpommern (LK)
0%
NWM Nordwestmecklenburg (LK)
0%
NOM Northeim
0%
NT Nürtingen
0%
OB Oberhausen
0%
OKI Oberkirch (Baden)
0%
OBB Obernburg am Main
0%
OSL Ober - Spreewald - Lausitz (LK)
0%
OVI Ober - Viechtach
0%
OEV Oelsnitz (Vogtland)
0%
OG Offenburg
0%
OK Ohrekreis (LK)
0%
OP Opladen
0%
OZ Oschatz
0%
OAL Ostallgäu (LK)
0%
OFI Ostfildern
0%
OH Ostholstein
0%
OVP Ostvorpommern (LK)
0%
OV Overath
0%
PP Papenburg
0%
PCH Parchim
0%
PAR Parsberg
0%
PW Pasewalk
0%
PA Passau
0%
PEG Pegnitz
0%
PET Petershagen
0%
PAN Pfarrkirchen
0%
PS Pirmasens
0%
PT Plettenberg
0%
POR Porta Westfalica
0%
PN Pößneck
0%
PZ Prenzlau
0%
PH Pulheim
0%
RBG Radeberg
0%
RBL Radebeul
0%
RVW Radevormwald
0%
RAZ Radolfzell am Bodensee
0%
RN Rathenow
0%
RAT Ratingen
0%
RE Recklinghausen
0%
RC Reichenbach im Vogtland
0%
REM Remseck am Neckar
0%
RD Rendsburg
0%
RHB Rheinbach
0%
RHG Rheinberg
0%
RHF Rheinfelden (Baden)
0%
RP Rheinland - Pfalz - Kreis (LK)
0%
RHS Rheinstetten
0%
RDG Ribnitz - Damgarten
0%
RID Riedenburg
0%
RG Riesa - Großenhain (LK)
0%
RTB Rietberg
0%
RM Röbel an der Müritz
0%
Rl Rochlitz
0%
ROK Rockenhausen
0%
ROD Roding
0%
ROB Ronnenberg
0%
RR Rösrath
0%
ROW Rotenburg (Wümme)
0%
RH Roth (Regnitz)
0%
RON Rottenburg am Neckar
0%
ROL Rottenburg an der Laaber
0%
RU Rudolstadt
0%
RÜS Rüsselsheim
0%
SHK Saale - Holzland - Kreis (LK)
0%
SK Saalekreis (LK)
0%
SOK Saale - Orla - Kreis (LK)
0%
SLS Saarlouis
0%
SAW Salzwedel
0%
SGH Sangerhausen
0%
SHG Schaumburg (LK)
0%
SEF Scheinfeld
0%
SLE Schleiden
0%
SCZ Schleiz
0%
SL Schleswig - Flensburg (LK)
0%
SM Schmalkalden
0%
SMB Schmallenberg
0%
SLN Schmölln
0%
SBK Schönebeck an der Elbe
0%
SOG Schongau
0%
SOD Schorndorf
0%
SOT Schortens
0%
SRA Schramberg
0%
SOB Schrobenhausen
0%
SC Schwabach
0%
SAD Schwandorf
0%
SZB Schwarzenberg
0%
SDT Schwedt an der Oder
0%
SW Schweinfurt
0%
SWM Schwelm
0%
SN Schwerin
0%
SWT Schwerte
0%
SWZ Schwetzingen
0%
SEB Sebnitz
0%
SEE Seelow
0%
SEZ Seelze
0%
SES Seesen
0%
SEV Seevetal
0%
SEH Sehnde
0%
SLM Selm
0%
SIG Sigmaringen
0%
SIM Simmern im Hunsrück
0%
SDF Sindelfingen
0%
SDH Sondershausen
0%
SF Sonthofen (LK)
0%
SPN Spree - Neiße (LK)
0%
SPB Spremberg
0%
SPH Sprockhövel
0%
SRO Stadtroda
0%
SAN Stadtsteinach
0%
SFT Staßfurt
0%
SDL Stendal
0%
STB Sternberg
0%
STG Stolberg (Rheinland)
0%
STL Stollberg
0%
SBG Strasburg
0%
SRB Strausberg
0%
STU Stuhr
0%
STS Stutensee
0%
WND St. Wendel
0%
SUN Sundern (Sauerland)
0%
TE Tecklenburg
0%
TF Teltow - Fläming (LK)
0%
TP Templin
0%
TET Teterow
0%
TÖV Tönisvorst
0%
TG Torgau
0%
TO Torgau - Oschatz (LK)
0%
TD Troisdorf
0%
UFF Uffenheim
0%
UH Unstrut - Hainich - Kreis (LK)
0%
VAR Varel
0%
VAT Vaterstetten
0%
VER Verden (Aller)
0%
VIT Viechtach
0%
VIE Viersen
0%
VIB Vilsbiburg
0%
VOE Voerde (Niederrhein)
0%
VB Vogelsbergkeis (LK)
0%
VOH Vohenstrauß
0%
VG Vorpommern - Greifswald (LK)
0%
VR Vorpommern - Rügen (LK)
0%
WN Waiblingen
0%
WA Waldeck - Frankenberg (LK)
0%
WKI Waldkirch
0%
WKR Waldkraiburg
0%
WÜM Waldmünchen
0%
WSA Waldsassen
0%
WT Waldshut - Tiengen
0%
WP Waltrop
0%
WAN Wanne - Eickel
0%
WZL Wanzleben
0%
WRN Waren (Müritz)
0%
WAS Warstein
0%
WS Wasserburg am Inn
0%
WAT Wattenscheid
0%
WBG Wegberg
0%
WEI Weil am Rhein
0%
WEL Weilburg
0%
WM Weilheim
0%
WGT Weingarten
0%
WHM Weinheim
0%
WNS Weinstadt
0%
WSF Weißenfels
0%
WSW Weißwasser - Oberlausitz
0%
WDA Werdau
0%
WED Werdohl
0%
WRL Werl
0%
WMK Wermelskirchen
0%
WNE Werne
0%
WTH Wertheim
0%
WES Wesel
0%
WSL Wesseling
0%
WZ Wetzlar
0%
WIE Wiesloch
0%
WHY Willich
0%
WL Winsen (Luhe)
0%
WIP Wipperfürth
0%
WTL Wittlage (LK)
0%
WK Wittstock (Dosse)
0%
WIZ Witzenhausen
0%
WOL Wolfach
0%
WOH Wolfhagen
0%
WOR Wolfratshausen (LK)
0%
WOB Wolfsburg
0%
WOS Wolfstein
0%
WLG Wolgast
0%
WMS Wolmirstedt
0%
WTF Wunstorf
0%
WÜS Würselen
0%
WUR Wurzen
0%
Zeitz
0%
Zell (Mosel)
0%
Zeulenroda - Triebes
0%
Ziegenhain (Schwalmstadt)
0%
Zittau
0%
Zschopau
0%
Zweibrücken
0%
Z Zwiekau
0%
Keine übereinstimmenden Quizze gefunden
Verteilung der Resultate
Anzahl Personen mit jedem Resultat
Perzentil nach korrekt beantworteten Fragen
Ihre Resultats-Entwicklung
Sie haben dieses Quiz noch nicht gespielt